El racismo del gen : biología, medicina y bioética bajo la férula liberal /

Uloženo v:
Podrobná bibliografie
Hlavní autor: Testart, Jacques (autor)
Další autoři: Godin, Christian (autor) (autor)
Médium: Kniha
Jazyk:španělština
Vydáno: México : Fondo de Cultura Económica, 2002, c2002
Edice:(Colección Popular ; Breves) 616.
Témata:
Tagy: Přidat tag
Žádné tagy, Buďte první, kdo vytvoří štítek k tomuto záznamu!

MARC

LEADER 00000nam^a2200000^a^4500
001 000163163
005 20250521000000.0
009 20260310100857.673
020 |a 950-557-517-3 
037 |a Acervo ITESO - Biblioteca 
041 |a ESP 
082 |a 174. 2  |b TES 
100 |a Testart, Jacques  |e (autor) 
245 1 3 |a El racismo del gen :  |b biología, medicina y bioética bajo la férula liberal /  |c J. Testart, C. Godin ; tr. por Víctor Goldstein. 
264 4 |a México :  |b Fondo de Cultura Económica,  |c 2002, c2002 
300 |a 119 p. 
336 |a texto  |b txt  |2 rdacontenido 
337 |a sin mediación  |b n  |2 rdamedio 
338 |a volumen  |b nc  |2 rdasoporte 
440 1 |a (Colección Popular ;  |v 616.  |p Breves) 
500 |a Traducción de: Au bazar du vivant 
649 |a XX 
650 |a Fecundación In-Vitro -  |x Aspectos Eticos 
650 |a Reproducción Asistida -  |x Aspectos Eticos 
650 |a Reproducción Humana -  |x Aspectos Eticos 
650 |a Genoma Humano 
650 |a Genética 
650 |a Desarrollo Tecnológico -  |x Aspectos Eticos 
650 |a Tecnología y Sociedad 
650 |a Biotecnología 
650 |a Biología 
650 |a Bioética 
650 |a Ciencias Médicas 
700 |a Godin, Christian  |e (autor) 
910 |a Fondo General 
920 |a Impresos - Libros 
930 |a Colección General 
905 |a 101 
901 |a 0500096093  |b IT1  |c ACC  |u 20250521 
902 |a https://opac.biblio.iteso.mx/vufind/Record/000163163